Normal view
MARC view
- Chapman, W.A.F
Entry Personal Name
001 - CONTROL NUMBER
- control field: 7299
003 - CONTROL NUMBER IDENTIFIER
- control field: OSt
005 - DATE AND TIME OF LATEST TRANSACTION
- control field: 20250315115717.0
008 - FIXED-LENGTH DATA ELEMENTS
- fixed length control field: 250315|| aca||aabn | a|a d
040 ## - CATALOGING SOURCE
- Original cataloging agency: OSt
- Transcribing agency: OSt
100 ## - HEADING--PERSONAL NAME
- Personal name: Chapman, W.A.F
670 ## - SOURCE DATA FOUND
- Source citation: Work cat.: (OSt)10219: Chapman, W.A.F ., Workshop technology, Part 3 / , 1962.
